000 00656nam a2200193 a 4500
005 20140310183212.0
008 030421s19uu xx 00 eng d
020 _a9711130653
050 _aBF 723.S75
_b.C37 1988
100 _aCarandang, Maria Lourdes Arellano
245 _aFilipino children under stress :
_bfamily dynamics and theraphy /
_cMaria Lourdes Arellano-Carandang.
260 _aManila: Philippines :
_bAteneo de Manila University Press,
_c1987.
300 _a146 p. :
_c23 cm.
521 _aPSYCH
650 _aStress in Children
_xPhilippines.
650 _aChild Psychotheraphy
_xPhilippines.
942 _cBK
_2lcc
_kLOC
999 _c20169
_d20169